00962nam a2200265 a 450000100060000000300080000600500170001400800410003102000150007202000170008703500190010404000360012304100080015908200240016710000290019124501330022026000680035330000350042150000190045665000290047565000290050494200120053399900170054595201340056258772BD-RjUL20211209080645.0161219s1993 enk ||| b ||| | eng d a0393034399 a0393309630 : a(BD-RjUL)58896 aericdbengcericddMvIdBD-RjUL aeng 223a330.9bBRS 19931 aBrown, Lester R.917471310aState of the World 1993 :bA Worldwatch Institute Report on Progress toward a Sustainable Society /cLester R. Brown and Others. a[Washington, D.C.] :bDistributed by ERIC Clearinghouse,c1993. axiii, 268 p. :bill. ;c24 cm. aIncludes Index aEconomic history9172944 aEconomic policy.9170308 2ddccBK c58772d58772 00102ddc40718NFICaRUCLbRUCLcReadingd1998-03-03eUnicef, Giftl0o330.9 BRS 1993r2016-12-19 00:00:00tC-1w2016-12-19yBK